| 000 | 00735nam a2200241Ia 4500 | ||
|---|---|---|---|
| 008 | 180620s9999 xx 000 0 und d | ||
| 020 | _a0-14-200241-0 | ||
| 050 | _aREF G 1046.E1 | ||
| 050 | _b.S43 2003 | ||
| 100 | _aSeager, Joni | ||
| 245 | 4 | _aThe Penguin atlas of women in the world : | |
| 245 | 0 | _bcompletely revised and updated / | |
| 245 | 0 | _cJoni Seager | |
| 260 | _aNew York : | ||
| 260 | _bPenguin Books, | ||
| 260 | _c2003 | ||
| 300 | _a128 pages : | ||
| 300 | _b1 atlas (128 pages) : colored illustrations, colored maps ; | ||
| 300 | _c25 cm. | ||
| 500 | _aIncludes bibliographical references and index. | ||
| 650 | _aWomen -- Social conditions -- Maps. | ||
| 650 | _xWomen -- Economic conditions -- Maps. | ||
| 999 |
_c357999 _d357999 |
||